000 01172cam a22003735a 4500
001 16947278
003 OSt
005 20140310181643.0
008 110903s1994 nyua j 000 1 eng d
010 _a 2011489814
020 _a055348222X
020 _a9780553482102
035 _a(OCoLC)ocm30868558
040 _aBXT
_cBXT
_dSLC
_dOCLCQ
_dBTCTA
_dBAKER
_dC#L
_dDLC
042 _alccopycat
050 0 0 _aPZ 7
_b.J65 1994, 1995
082 _aKF J59uc
_b1994, 1995
100 1 _aJohansson, Alice Nicole.
_94714
245 1 4 _aThe Unicorn
_cwritten by Alice Nicole Johansson ; created by Francine Pascal.
260 _aNew York :
_bBantam Books,
_cc1994(1995).
300 _a134 p. :
_bill. ;
_c18 cm.
440 _aThe Unicorn
_94715
541 _j1
541 _j1
562 _e1
650 0 _aFriendship
_xFiction.
_94716
700 1 _aPascal, Francine.
_93767
710 2 _aCopyright Paperback Collection (Library of Congress)
_5DLC
_9705
830 _aThe best friend game
_94717
830 _aThe unicorns at war
_94718
906 _a0
_bibc
_ccopycat
_d2
_encip
_f20
_gy-genrareb
942 _2lcc
_cBK-KF
_kKF
999 _c852
_d852